[Event "19th Open"]
[Site "Kavala GRE"]
[Date "2010.08.07"]
[Round "9"]
[White "Grover,S"]
[Black "Pap,M"]
[Result "1/2-1/2"]
[WhiteElo "2411"]
[BlackElo "2509"]

1.e4 c5 2.Nc3 Nc6 3.Nf3 e5 4.Bc4 d6 5.d3 Be7 6.O-O Nf6 7.Ng5 O-O 8.f4 Bg4
9.Qe1 exf4 10.Bxf4 Bh5 11.Qd2 Ne5 12.Bxe5 dxe5 13.Nf3 Ne8 14.Nd5 Bd6 15.Qc3 Nc7
16.Nxc7 Qxc7 17.Nh4 Rab8 18.a4 Kh8 19.Rf5 g6 20.Rxh5 gxh5 21.Qd2 Be7 22.Nf5 Rg8
23.Rf1 Bg5 24.Qe2 h4 25.Qh5 Rbf8 26.Nxh4 Bxh4 27.Qxh4 Rg6 28.Rf5 Kg7 29.Rh5 h6
30.Rf5 Qd7 31.Qf2 Qe7 32.h4 Rg4 33.Qf3 Rg6 34.Qh5 f6 35.Bd5 a6 36.b3 b5 37.axb5 axb5
38.Kh2 Rd8 39.Rf1 Rd7 40.Ra1 Ra7 41.Rxa7 Qxa7 42.Be6 Qa2 43.Bf5 Rxg2+ 44.Kxg2 Qxc2+
45.Kg3 Qxd3+ 46.Qf3 Qd4 47.Be6 f5 48.Bxf5 c4 49.bxc4 Qxc4 50.Kh3 b4 51.Qg3+ Kf8
52.Qf2 Ke7 53.Qa7+ Kf6 54.Qb6+ Ke7 55.Qa7+ Kf6 56.Qb6+ Ke7 57.Qa7+  1/2-1/2

[Event "ch-SLO w"]
[Site "Ljubljana SLO"]
[Date "2010.08.08"]
[Round "2"]
[White "Krivec,J"]
[Black "Bucar,N"]
[Result "1-0"]
[WhiteElo "2318"]
[BlackElo "1989"]

1.e4 c5 2.Nc3 Nc6 3.Bb5 g6 4.Bxc6 dxc6 5.d3 Bg7 6.Be3 b6 7.Qd2 a5 8.Nge2 Qc7
9.O-O Nf6 10.h3 e5 11.f4 exf4 12.Bxf4 Qe7 13.Bh6 O-O 14.Ng3 Ne8 15.Rf3 Nc7
16.Raf1 Qe5 17.Bxg7 Kxg7 18.Nd1 Ne6 19.c3 Kg8 20.Ne3 Ng5 21.Rf4 Bxh3 22.Nc4 Qc7
23.gxh3 Nxh3+ 24.Kg2 Nxf4+ 25.Qxf4 Qxf4 26.Rxf4 b5 27.Ne5 Rad8 28.Rf3 Rd6
29.Ng4 Kg7 30.e5 Re6 31.Ne4 h5 32.Ngf6 Rd8 33.Nxc5 Rxe5 34.Nfe4 f5 35.Ng5 Rde8
36.d4 Re2+ 37.Rf2 Kf6 38.Nh7+ Kg7 39.Ng5 h4 40.Nd7 R8e3 41.Nf3 h3+ 42.Kf1 Rxf2+
43.Kxf2 Re8 44.Nde5 c5 45.dxc5 g5 46.Nd3 g4 47.Nd4 Kf6 48.c6 Kg5 49.c7 h2
50.Kg2 Rh8 51.Nf2 f4 52.Ne6+ Kf5 53.Nd8 f3+ 54.Kh1 g3 55.c8=Q+ Kf6 56.Qe6+ Kg5
57.Nf7+ Kf4 58.Qe4+  1-0

[Event "FSIMA August"]
[Site "Budapest HUN"]
[Date "2010.08.09"]
[Round "3"]
[White "Lyell,M"]
[Black "Hardicsay,P"]
[Result "1/2-1/2"]
[WhiteElo "2162"]
[BlackElo "2271"]

1.e4 c5 2.Nc3 Nc6 3.Bb5 Nd4 4.Bc4 e6 5.Nge2 a6 6.d3 b5 7.Bb3 Nxb3 8.axb3 Bb7
9.O-O Qc7 10.Bf4 d6 11.Qd2 Nf6 12.f3 Be7 13.Rfe1 O-O 14.Ng3 Rfe8 15.e5 Nd7
16.exd6 Bxd6 17.Bxd6 Qxd6 18.Kh1 Nf6 19.Nce4 Nxe4 20.Nxe4 Qe7 21.Qf2 Rac8
22.Qg3 Red8 23.Re2 c4 24.bxc4 bxc4 25.dxc4 Rxc4 26.c3 h6 27.Nd2 Rc5 28.Nb3 Rg5
29.Qf2 Qc7 30.Rd2 Rxd2 31.Nxd2 Rh5 32.Nf1 Rd5 33.Ne3 Qb6 34.Kg1 Rd3 35.Nc4 Qb5
36.Qb6 Bd5 37.Qxb5 axb5 38.Na3 b4 39.cxb4 Rb3 40.Rb1 Rxb4 41.Nc2 Rb3 42.Kf2 Bc4
43.Ke1 e5 44.Kd2 Rd3+ 45.Kc1 Bb3 46.Ra1 Rd8 47.Ra3 Bc4 48.Ne3 Bd3 49.Ra5 f6
50.Rd5 Rxd5 51.Nxd5 Kf7 52.Kd2 Bh7 53.Kc3 Ke6 54.Ne3 Kd6 55.Kb4 Bd3 56.Kc3 Bh7
57.Kc4 f5 58.g3 f4 59.gxf4 exf4 60.Ng2 g5 61.Kd4 Bf5 62.b4 Bd7 63.Ne1 Bc6
64.Kc4 h5 65.b5 Bb7 66.Kd4 g4 67.fxg4 hxg4 68.Nd3 g3 69.hxg3 fxg3 70.Ne1  1/2-1/2

[Event "Open"]
[Site "Minsk BLR"]
[Date "2010.08.09"]
[Round "6"]
[White "Kovalev,Vl"]
[Black "Homiakova,Ek"]
[Result "1-0"]
[WhiteElo "2329"]
[BlackElo "2147"]

1.e4 c5 2.Nf3 Nc6 3.Nc3 g6 4.d4 cxd4 5.Nxd4 Bg7 6.Be3 Nf6 7.Bc4 Qa5 8.O-O O-O
9.Bb3 d6 10.h3 Bd7 11.Re1 Rac8 12.Qd2 Rfe8 13.Rad1 a6 14.f4 Nxd4 15.Bxd4 e5
16.Be3 Bc6 17.fxe5 dxe5 18.Qf2 Qc7 19.Rf1 Rf8 20.Bb6 Qb8 21.Bc5 Nxe4 22.Nxe4 Bxe4
23.Bxf8 Rxf8 24.Bxf7+ Kh8 25.Qe2 Bf5 26.Bd5 Re8 27.Be4 Qa7+ 28.Kh1 Be6 29.Qf2 Qb8
30.Qb6 Qc8 31.Qxb7 Bxh3 32.Qxc8 Bxc8 33.Rf7 Be6 34.Ra7 Bh6 35.Rxa6 Bf4 36.a4 Bg4
37.Rdd6 Bg3 38.Ra8  1-0

[Event "Open"]
[Site "Minsk BLR"]
[Date "2010.08.09"]
[Round "6"]
[White "Kurukin,D"]
[Black "Mochalov,E"]
[Result "1/2-1/2"]
[WhiteElo "2258"]
[BlackElo "2408"]

1.e4 c5 2.Nf3 Nc6 3.Nc3 e5 4.Bc4 d6 5.d3 Be7 6.O-O h6 7.Ne1 Nf6 8.f4 Bg4
9.Nf3 O-O 10.h3 Bxf3 11.Qxf3 Rb8 12.fxe5 Nxe5 13.Qe2 Nxc4 14.dxc4 Qd7 15.Bf4 Qe6
16.Rae1 Rbd8 17.b3 a6 18.Bc1 Rfe8 19.Qf3 Nd7 20.Nd5 Ne5 21.Qd1 Qg6 22.Rf5 Bg5
23.Bb2 Nc6 24.Qf3 Ne7 25.Nxe7+ Rxe7 26.Kh1 Rde8 27.Re2 Re6 28.g3 h5 29.Kh2 f6
30.a4 R8e7 31.h4 Bh6 32.Qxh5 Qxh5 33.Rxh5 Rxe4 34.Rxe4 Rxe4 35.Bxf6 Kf7 36.Bd8 Ke8
37.Bg5 Re5 38.Bxh6 Rxh5 39.Bxg7 Kf7 40.Bc3 d5 41.Kg2 Ke6 42.Kf3 Rf5+ 43.Ke2 d4
44.Bd2 Re5+ 45.Kf3 Rf5+ 46.Bf4 Rh5 47.Ke4 Rh7 48.b4 cxb4 49.Kxd4 b6 50.c5 bxc5+
51.Kxc5 Rb7 52.Kc6 b3 53.cxb3 Rxb3 54.a5 Kf5 55.h5 Rb5 56.Bc7 Rb2 57.Bf4 Rb5
58.Bc7  1/2-1/2

[Event "TCh-MKD"]
[Site "Struga MKD"]
[Date "2010.08.09"]
[Round "1"]
[White "Gochev,M"]
[Black "Petkovski,V"]
[Result "1-0"]
[WhiteElo "2227"]
[BlackElo "2178"]

1.e4 c5 2.Nc3 Nc6 3.Nge2 e5 4.Nd5 d6 5.Nec3 a6 6.a4 Be6 7.Bc4 Rb8 8.d3 Na5
9.O-O Ne7 10.f4 Nxc4 11.dxc4 exf4 12.Bxf4 Nc6 13.Qd2 h6 14.Bg3 b6 15.b3 Rb7
16.Nf4 Be7 17.Nxe6 fxe6 18.Qe2 Bf6 19.Qh5+ Rf7 20.e5 dxe5 21.Rad1 Qc7 22.Ne4 O-O
23.c3 Be7 24.Rxf7 Rxf7 25.Rd3 Bf8 26.Qg6 Qc8 27.Bh4 Ne7 28.Qxf7+  1-0

[Event "14th HZ Open"]
[Site "Vlissingen NED"]
[Date "2010.08.09"]
[Round "4"]
[White "Van de Poel,T"]
[Black "Leenaerts,R"]
[Result "1/2-1/2"]
[WhiteElo "2005"]
[BlackElo "2219"]

1.e4 c5 2.Nc3 Nc6 3.Nge2 Nf6 4.d4 cxd4 5.Nxd4 d6 6.Bc4 e6 7.Be3 a6 8.Bb3 Qc7
9.Qe2 Be7 10.O-O-O Na5 11.g4 b5 12.g5 Nxb3+ 13.axb3 Nd7 14.f4 b4 15.Nf5 bxc3
16.Nxg7+ Kd8 17.Qh5 Nc5 18.Bd4 cxb2+ 19.Kxb2 Rb8 20.Bxc5 Qxc5 21.Qxf7 Rf8
22.Nxe6+ Bxe6 23.Qxe6 Rxf4 24.Rd5 Qc7 25.Rhd1 Rb6 26.e5 Bf8 27.exd6 Qg7+
28.Kb1 Qc3 29.Re5 Qc6 30.Qe7+ Bxe7 31.dxe7+ Ke8 32.Rd8+ Kf7 33.e8=Q+ Qxe8
34.Rdxe8 Rh4 35.Re2 Rg4 36.R8e5 Kg6 37.Re6+ Rxe6 38.Rxe6+ Kxg5 39.Rxa6 h5
40.c4 Rg1+ 41.Kc2 Rg2+ 42.Kc3 Rxh2 43.c5 Rh1 44.c6 h4 45.Kc2 Rf1 46.c7 Rf8
47.Rd6 Rc8 48.Rd7 h3  1/2-1/2

[Event "Open"]
[Site "Minsk BLR"]
[Date "2010.08.10"]
[Round "7"]
[White "Ayvazyan,Nikita"]
[Black "Bulanov,D"]
[Result "0-1"]
[WhiteElo "1888"]
[BlackElo "2379"]

1.e4 c5 2.Nc3 Nc6 3.Bb5 g6 4.Bxc6 dxc6 5.d3 Bg7 6.Be3 b6 7.Qd2 e5 8.Nge2 h6
9.f4 exf4 10.Bxf4 Be6 11.O-O Ne7 12.Rf2 Qd7 13.b3 O-O-O 14.a4 g5 15.Be3 f5
16.Qe1 f4 17.Bd2 a5 18.Rd1 Ng6 19.Nb1 Ne5 20.Na3 Ng4 21.Rf1 Bd4+ 22.Nxd4 cxd4
23.Nc4 Bxc4 24.bxc4 c5 25.Rb1 Qc7 26.Rf3 Ne5 27.Rf1 Rdf8 28.Qd1 Rf6 29.Rb5 Rhf8
30.Kh1 f3 31.g3 Ng4 32.Qe1 f2 33.Qe2 Rf3 34.e5 Qc6 35.Qe4 Qxe4 36.dxe4 Ne3
37.Rbb1 Nxf1 38.Rxf1 Re3 39.Kg2 Re2 40.Bc1 Rxc2 41.e6 Kd8  0-1

[Event "GM2 Prima Pack Cup"]
[Site "Olomouc CZE"]
[Date "2010.08.10"]
[Round "7"]
[White "Oparin,G"]
[Black "Krupa,M"]
[Result "0-1"]
[WhiteElo "2309"]
[BlackElo "2214"]

1.e4 c5 2.Nf3 Nc6 3.Nc3 Nf6 4.Bb5 g6 5.e5 Ng4 6.Bxc6 dxc6 7.h3 Nh6 8.g4 Bg7
9.d3 O-O 10.Qe2 f6 11.Be3 b6 12.O-O-O Nf7 13.d4 cxd4 14.Nxd4 Qe8 15.exf6 exf6
16.Rhe1 c5 17.Ndb5 Qc6 18.Nd5 Kh8 19.Nbc7 Rb8 20.Bf4 Rb7 21.Kb1 g5 22.Bg3 f5
23.gxf5 Bxf5 24.Qe7 b5 25.Ne3 Bxh3 26.Rd5 Qf6 27.Qxf6 Bxf6 28.Rxc5 Rd8 29.Rxb5 Rxb5
30.Nxb5 h5 31.Rh1 g4 32.c4 Rd2 33.Nd1 h4 34.Bf4 Re2 35.Nbc3 Bxc3 36.bxc3 Kg7
37.c5 Ne5 38.Bxe5+ Rxe5 39.Ne3 Rxe3 40.fxe3 g3 41.Kc1 Bf5 42.Rg1 Kf6 43.c6 h3
44.c7 g2  0-1

[Event "TCh-MKD"]
[Site "Struga MKD"]
[Date "2010.08.10"]
[Round "2"]
[White "Dinev,De"]
[Black "Stanojoski,Z"]
[Result "1/2-1/2"]
[WhiteElo "2358"]
[BlackElo "2487"]

1.e4 c5 2.Nc3 Nc6 3.Bb5 Nd4 4.Bc4 g6 5.Nf3 Bg7 6.Nxd4 cxd4 7.Qf3 e6 8.Nb5 Be5
9.c3 dxc3 10.d4 a6 11.dxe5 axb5 12.Bb3 cxb2 13.Bxb2 Ne7 14.O-O Nc6  1/2-1/2

[Event "14th HZ Open"]
[Site "Vlissingen NED"]
[Date "2010.08.10"]
[Round "5"]
[White "Fuchs,Ju"]
[Black "Lukas,M"]
[Result "1-0"]
[WhiteElo "2232"]
[BlackElo "2035"]

1.e4 c5 2.Nc3 Nc6 3.Bb5 g6 4.Bxc6 dxc6 5.d3 Bg7 6.Nge2 Nf6 7.Be3 b6 8.h3 O-O
9.Qd2 Nd7 10.O-O f6 11.a4 a5 12.f4 e5 13.f5 g5 14.Ng3 Rf7 15.Kf2 Nf8 16.Rh1 Bd7
17.Rh2 Be8 18.Rah1 Rd7 19.Qe2 Bf7 20.b3 Rd6 21.Nb1 Rb8 22.Nd2 Rd7 23.Qf3 Qe8
24.h4 h6 25.hxg5 hxg5 26.Ke1 Rdb7 27.Bxg5  1-0

[Event "49th WJun"]
[Site "Chotowa POL"]
[Date "2010.08.11"]
[Round "8"]
[White "Larmuseau,Mi"]
[Black "Zysko,J"]
[Result "1/2-1/2"]
[WhiteElo "2068"]
[BlackElo "2210"]

1.e4 c5 2.Nc3 Nc6 3.Bb5 Nd4 4.Bc4 e6 5.Nge2 a6 6.Nxd4 cxd4 7.Ne2 Bc5 8.O-O Nf6
9.c3 Nxe4 10.Nxd4 d5 11.Bb3 O-O 12.d3 Nf6 13.Nf3 b5 14.d4 Be7 15.Ne5 Bd7
16.Bc2 b4 17.Re1 bxc3 18.bxc3 Rc8 19.Re3 Ne4 20.c4 f5 21.c5 Bh4 22.g3 Bf6
23.Nxd7 Qxd7 24.Ba4 Qc7 25.Rb1 f4 26.Rxe4 dxe4 27.Bxf4 Qd8 28.Bd6 Be7 29.Bb3 Bxd6
30.Bxe6+ Kh8 31.Bxc8 Bxc5 32.dxc5 Qxc8 33.Qc2 h6 34.c6 e3 35.fxe3 Qe6 36.e4 Qd6
37.c7 Qd4+ 38.Kg2 Qe3 39.c8=Q Qf3+ 40.Kg1 Qe3+ 41.Kh1 Qf3+ 42.Qg2 Qxg2+ 43.Kxg2 Rxc8
44.Rb2 Rc3 45.Re2 Kg8 46.Kh3 Kf7 47.Kg4 g6 48.Rb2 Ra3 49.Kf4 Ra5 50.h4 Ke6
51.h5 gxh5 52.Rb6+ Kf7 53.Rxh6 Kg7 54.Rb6 Rxa2 55.Kf5 Rf2+ 56.Kg5 Rf3 57.Rg6+ Kf7
58.Kxh5 Re3 59.g4 Rxe4 60.Rxa6 Kg7 61.Ra7+ Kg8 62.Kg6 Re6+ 63.Kf5 Rb6  1/2-1/2

[Event "XI Miquel Mas Open"]
[Site "Figueres ESP"]
[Date "2010.08.11"]
[Round "1"]
[White "Martinez Duany,L"]
[Black "Padrosa Baro,C"]
[Result "1-0"]
[WhiteElo "2510"]
[BlackElo "1862"]

1.e4 c5 2.Nc3 Nc6 3.Nf3 g6 4.d4 cxd4 5.Nxd4 Bg7 6.Be3 d6 7.Be2 Nf6 8.O-O O-O
9.Nb3 a6 10.f4 b5 11.Bf3 Qc7 12.Qd2 Bb7 13.Nd5 Nxd5 14.exd5 Na5 15.Qxa5 Qxc2
16.Rf2 Qf5 17.Qd2 Rac8 18.Nd4 Qd7 19.Re1 Rfe8 20.Be4 Rc7 21.f5 Be5 22.Qd3 e6
23.dxe6 fxe6 24.fxe6 Qd8 25.Bxb7 Rxb7 26.Nc6 Qc8 27.Nxe5 dxe5 28.Bh6 Rbe7
29.Qf3  1-0

[Event "49th WJun"]
[Site "Chotowa POL"]
[Date "2010.08.12"]
[Round "9"]
[White "Durarbeyli,V"]
[Black "Potapov,P"]
[Result "1-0"]
[WhiteElo "2501"]
[BlackElo "2445"]

1.e4 c5 2.Nc3 Nc6 3.Nge2 d6 4.d4 cxd4 5.Nxd4 e5 6.Nde2 Be7 7.g3 Nf6 8.Bg2 O-O
9.O-O Be6 10.h3 Rc8 11.Kh2 Kh8 12.Be3 Ne8 13.Qd2 b6 14.Rad1 Qc7 15.b3 a6
16.f4 exf4 17.Nxf4 Nf6 18.Ncd5 Bxd5 19.exd5 Ne5 20.c4 Rce8 21.Kh1 Nfd7 22.Bd4 Qd8
23.Qc3 Bg5 24.Rde1 Bh6 25.Rf2 g6 26.Nd3 Bg7 27.Ref1 Kg8 28.Nb4 Nc5 29.Nc6 Qg5
30.b4 Ncd7 31.Rf4 h5 32.Re1 Nxc6 33.dxc6 Bxd4 34.Rxd4 Rxe1+ 35.Qxe1 Ne5 36.Rxd6 Nxc4
37.h4 Qf5 38.Rd4 b5 39.Qe7 Qb1+ 40.Kh2 Qc1 41.Rd8 Rxd8 42.Qxd8+ Kh7 43.c7 Ne3
44.c8=Q Ng4+ 45.Qxg4 hxg4 46.Qf6  1-0

[Event "ch-SLO w"]
[Site "Ljubljana SLO"]
[Date "2010.08.12"]
[Round "6"]
[White "Krivec,J"]
[Black "Novak,Ks"]
[Result "1-0"]
[WhiteElo "2318"]
[BlackElo "2200"]

1.e4 c5 2.Nc3 Nc6 3.Bb5 Nd4 4.Nf3 e6 5.O-O Ne7 6.Nxd4 cxd4 7.Ne2 a6 8.Bd3 d5
9.e5 Nc6 10.f4 f5 11.exf6 gxf6 12.Ng3 Nb4 13.Qh5+ Kd7 14.Qf3 Kc7 15.c3 Nxd3
16.Qxd3 dxc3 17.dxc3 Bc5+ 18.Kh1 Bd7 19.a4 Bc6 20.b4 Be7 21.Be3 b5 22.a5 Kb7
23.Rae1 h5 24.Ne2 h4 25.h3 Qg8 26.Nd4 e5 27.fxe5 fxe5 28.Nxc6 Kxc6 29.Bg1 Qg7
30.Qe3 Rhg8 31.Re2 e4 32.Qb6+ Kd7 33.Qb7+ Ke6 34.Qc6+ Bd6 35.Bd4 Raf8 36.Rxf8 Qxf8
37.Rf2 e3 38.Rxf8  1-0

[Event "14th HZ Open"]
[Site "Vlissingen NED"]
[Date "2010.08.12"]
[Round "7"]
[White "Van den Doel,E"]
[Black "Dek,L"]
[Result "1/2-1/2"]
[WhiteElo "2591"]
[BlackElo "2199"]

1.e4 c5 2.Nc3 Nc6 3.Bb5 Nd4 4.Nf3 e6 5.O-O a6 6.Bd3 Ne7 7.Nxd4 cxd4 8.Ne2 Nc6
9.f4 Be7 10.Kh1 d6 11.b3 b5 12.Bb2 e5 13.c3 dxc3 14.Nxc3 exf4 15.Nd5 Ne5
16.Nxf4 O-O 17.Be2 Bb7 18.d4 Ng6 19.Nd5 Bxd5 20.exd5 Bg5 21.a4 Qb6 22.axb5 axb5
23.Rxa8 Rxa8 24.Qd3 b4 25.Qe4 h6 26.Bh5 Qb5 27.Be2 Re8 28.Qxg6 Qxe2 29.Qxf7+ Kh8
30.Bc1 Bxc1 31.Rxc1 Qe1+ 32.Qf1 Qxf1+ 33.Rxf1 Re3 34.Rf8+ Kh7 35.Kg1 Rxb3
36.Rd8 Rd3 37.Rxd6 Rxd4 38.Rb6 Rxd5 39.Rxb4  1/2-1/2

[Event "TCh-MKD"]
[Site "Struga MKD"]
[Date "2010.08.13"]
[Round "5"]
[White "Stojcevski,Z"]
[Black "Stojanovski,D"]
[Result "1/2-1/2"]
[WhiteElo "2363"]
[BlackElo "2437"]

1.e4 c5 2.Nf3 Nc6 3.Nc3 g6 4.d4 cxd4 5.Nxd4 Bg7 6.Be3 Nf6 7.Be2 O-O 8.Qd2 d5
9.exd5 Nxd5 10.Nxd5 Qxd5 11.Bf3 Qc4 12.Be2 Qd5 13.Bf3 Qc4 14.Be2  1/2-1/2

[Event "Negroponte Open"]
[Site "Chalkis GRE"]
[Date "2010.08.15"]
[Round "7"]
[White "Grover,S"]
[Black "Moradiabadi,E"]
[Result "1/2-1/2"]
[WhiteElo "2411"]
[BlackElo "2571"]

1.e4 c5 2.Nf3 Nc6 3.Nc3 Nf6 4.Bb5 g6 5.Bxc6 bxc6 6.e5 Nd5 7.Ne4 Bg7 8.d3 O-O
9.O-O d6 10.c4 Nc7 11.exd6 exd6 12.Bg5 f6 13.Bf4 Ne8 14.Qa4 Qd7 15.h3 f5
16.Nc3 Nc7 17.Rae1 Rb8 18.Bc1 Ne6 19.Re2 Rb4 20.Qc2 h6 21.Rfe1 Qf7 22.h4 Qf6
23.Bd2 Rb7 24.Qc1 Kh7 25.Bf4 Nxf4 26.Qxf4 Kg8 27.Rd1 Re7 28.d4 Rxe2 29.Nxe2 Re8
30.Ng3 cxd4 31.Nxd4 Bd7 32.b3 Bf8 33.Nf3 c5 34.Kh2 Bc8 35.Kg1 Bd7 36.Kh2 a5
37.Kg1 a4 38.Nd2 Qb2 39.Nf3 Qf6 40.Rd2 axb3 41.axb3 Rb8 42.Rd3 Rb6 43.Kh2 Bg7
44.Nf1 Qe6 45.Re3 Qf6 46.Rd3 Qe7 47.Re3 Qf6 48.Rd3  1/2-1/2

[Event "49th WJun"]
[Site "Chotowa POL"]
[Date "2010.08.15"]
[Round "12"]
[White "Recuero Guerra,D"]
[Black "Narmontas,M"]
[Result "1/2-1/2"]
[WhiteElo "2470"]
[BlackElo "2379"]

1.e4 c5 2.Nf3 Nc6 3.Nc3 Nf6 4.Bb5 Qc7 5.O-O Nd4 6.Re1 a6 7.Bf1 e5 8.Nd5 Nxd5
9.exd5 d6 10.c3 Nxf3+ 11.Qxf3 Be7 12.d4 O-O 13.Qg3 cxd4 14.cxd4 Qa5 15.Bh6 Bf6
16.dxe5 dxe5 17.Bc4 Bd7 18.Rad1 Rac8 19.Bb3 Ba4 20.Bd2 Qb5 21.Bxa4 Qxa4 22.Bc3 Rfe8
23.a3 Rcd8 24.h3 h6 25.Qg4 Qxg4 26.hxg4 e4 27.Bxf6 gxf6 28.Rd4 Re5 29.d6 Rd7
30.Kh2 Re6 31.Red1 e3 32.fxe3 Rxe3 33.R1d3 Re6 34.Kg3 Kg7 35.Kf4 Kg6 36.Rd5 Re2
37.Rd2 Re6 38.Rd1 Re2 39.R1d2 Re6 40.g3 Re1 41.b4 Re6 42.a4 Re1 43.a5 Re6
44.R2d4 Re8 45.Rc5 Red8 46.Rcd5 Re8 47.b5 axb5 48.Rxb5 Re6 49.Rbd5 Re8 50.Kf3 Re6
51.Rd3 Re8 52.Rd2 Re6 53.Rd1 Re8 54.Rb1 Re6 55.Rb6 Re1 56.Rb2 Re6 57.Rh2 Re8
58.Rg5+  1/2-1/2

[Event "9th Mario Covas Jr"]
[Site "Santos BRA"]
[Date "2010.08.15"]
[Round "4"]
[White "Rodriguez Vila,A"]
[Black "Leitao,R"]
[Result "1/2-1/2"]
[WhiteElo "2508"]
[BlackElo "2629"]

1.e4 c5 2.Nc3 Nc6 3.Nge2 d6 4.d4 cxd4 5.Nxd4 e6 6.Be2 Nf6 7.O-O a6 8.Be3 Be7
9.f4 Qc7 10.Qe1 O-O 11.Qg3 Nxd4 12.Bxd4 b5 13.a3 Bb7 14.Bd3 Rad8 15.Kh1  1/2-1/2

[Event "TCh-MKD"]
[Site "Struga MKD"]
[Date "2010.08.15"]
[Round "7"]
[White "Mitkov,N1"]
[Black "Kiroski,T"]
[Result "1-0"]
[WhiteElo "2520"]
[BlackElo "2362"]

1.e4 c5 2.Nc3 Nc6 3.Bb5 g6 4.Bxc6 dxc6 5.d3 Bg7 6.Be3 b6 7.Qd2 e5 8.f4 Nf6
9.Nf3 Ng4 10.Nxe5 Nxe5 11.fxe5 Bxe5 12.Bf4 Qd6 13.Rf1 O-O 14.O-O-O Bg4 15.Rde1 f6
16.Bxe5 Qxe5 17.Qf4 Be6 18.Ne2 Rad8 19.a3 Kg7 20.h3 Rfe8 21.Rf2 Qxf4+ 22.Nxf4 Bf7
23.b3 f5 24.Ref1 fxe4 25.Nh5+ gxh5 26.Rxf7+ Kg8 27.dxe4 Rxe4 28.Rxa7 Re2
29.Rf3 Rxg2 30.Rb7 b5 31.Rc3 Rd5 32.Kb2 h6 33.Rc7 Rg6 34.a4 b4 35.Re3 Kf8
36.Re1 Rg3 37.Rxc6 Rxh3 38.a5 c4 39.Rxc4 Rxa5 40.Rxb4 Rc5 41.Re2 Rg3 42.Rf4+ Kg7
43.b4 Rc8 44.b5 Rg4 45.Ree4 Rxf4 46.Rxf4 Kg6 47.Rb4 Rb8 48.c4 h4 49.Kc3 Kf5
50.c5 Ke5 51.Rb1 Rg8 52.Kb4 h3 53.Re1+ Kd5 54.Rd1+ Ke5 55.b6 h2 56.b7  1-0

[Event "e2e4 Autumn Masters B"]
[Site "Uxbridge ENG"]
[Date "2010.08.15"]
[Round "9"]
[White "Rudd,J"]
[Black "Sturt,R"]
[Result "1-0"]
[WhiteElo "2236"]
[BlackElo "2173"]

1.e4 c5 2.Nf3 Nc6 3.Nc3 Nf6 4.e5 Ng4 5.Qe2 Qc7 6.Nb5 Qb8 7.d4 cxd4 8.Bf4 f6
9.Bg3 Ngxe5 10.O-O-O d6 11.Nfxd4 a6 12.Nc3 Kf7 13.f4 Bg4 14.Qe4 Bxd1 15.fxe5 Nxd4
16.Qxd4 Bh5 17.Bc4+ Ke8 18.exd6 Qa7 19.d7+ Kd8 20.Bc7+  1-0

[Event "49th WJun"]
[Site "Chotowa POL"]
[Date "2010.08.16"]
[Round "13"]
[White "Simonian,H"]
[Black "Potapov,P"]
[Result "1/2-1/2"]
[WhiteElo "2494"]
[BlackElo "2445"]

1.e4 c5 2.Nc3 Nc6 3.Bb5 Nd4 4.Bc4 e6 5.Nge2 Nf6 6.O-O a6 7.a4 d5 8.exd5 exd5
9.Ba2 Bd6 10.d3 Ne6 11.Ng3 Bxg3 12.fxg3 d4 13.Ne2 O-O 14.Nf4 Nxf4 15.Bxf4 Nd5
16.Qh5 Be6 17.a5 Rc8 18.Bg5 Qd7 19.Rae1 Nc7 20.Bxe6 Nxe6 21.Qg4 Kh8 22.b3 Rce8
23.h4 f6 24.Bd2 Re7 25.Qf5 Qd6 26.g4 g6 27.Qf3 Rff7 28.Bh6 Kg8 29.Bd2 Kg7
30.Re2 Nd8 31.Rxe7 Rxe7 32.h5 Nc6 33.Qh3 g5 34.h6+ Kg8 35.Qf3 Rf7 36.Qe4 Qe5
37.Qf5 Qe7 38.Qd5 Ne5 39.Qe4 Nc6 40.Qf5 Qf8 41.Re1 Re7 42.Re6 Rxe6 43.Qxe6+ Kh8
44.Qd7 Qe7 45.Qc8+ Nd8 46.b4 Kg8 47.bxc5 Kf7 48.Qf5 Ke8 49.Qd5 Nc6 50.c3 Qf7
51.Qe4+ Qe7 52.Qd5 dxc3 53.Bxc3 Qe3+ 54.Kh2 Qf4+ 55.Kh3 Qe3+ 56.g3 Ne7 57.Qxb7 Qxd3
58.Qb2 Nd5 59.Bd4 Kf7 60.Qb7+ Ne7 61.Qb2 Nd5 62.c6 Qf3 63.Qf2 Qh1+ 64.Qh2 Nf4+
65.gxf4 Qxh2+  1/2-1/2

[Event "Pan-Armenian Olym"]
[Site "Yerevan ARM"]
[Date "2010.08.16"]
[Round "2"]
[White "Matinian,N"]
[Black "Nakhapetiane,P"]
[Result "1/2-1/2"]
[WhiteElo "2380"]
[BlackElo "2449"]

1.e4 c5 2.Nf3 Nc6 3.Nc3 e6 4.Bb5 Nge7 5.O-O a6 6.Bxc6 Nxc6 7.d4 cxd4 8.Nxd4 Qc7
9.Re1 Bd6 10.Nd5 exd5 11.exd5+ Ne5 12.f4 O-O 13.fxe5 Bxe5 14.Nf3 Bf6 15.d6 Qc6
16.c3 b5 17.Bf4 Bb7 18.Be5 Bxe5 19.Rxe5 Rae8 20.Qd4 Re6 21.Rd1 Rc8 22.Rxe6 dxe6
23.Rd2 f6 24.Ne1 Rd8 25.Nc2 e5 26.Qd3 Qe4 27.Qxe4 Bxe4 28.Nb4 Bb7 29.b3 Kf7
30.c4 a5 31.Nc2 bxc4 32.bxc4 Ke6 33.c5 Bc6 34.Ne3 Rc8 35.Nc4 Bd7 36.Nxa5 Rxc5
37.Nb7 Rc1+ 38.Kf2 Ba4 39.g3 h6 40.Rd3 Rc2+ 41.Ke3 Bc6 42.a3 Kd7 43.Na5 Rc5
44.Nxc6 Rxc6 45.a4 Rxd6 46.Ra3 Kc6 47.Ke4 g6 48.Rc3+ Kb7 49.Rb3+ Rb6 50.Rd3 Kc7
51.Ra3 Kc6 52.a5 Ra6 53.Ra1 Kd6 54.g4 Ke6 55.Ra2 f5+ 56.gxf5+ gxf5+ 57.Ke3 Kd5
58.Ra1 h5 59.h4 Kd6 60.Kd3 Kd5 61.Ke3 Kc6 62.Rc1+ Kb5 63.Rf1 Rf6 64.Rd1 Re6
65.Rd5+ Kc6 66.Rd8 Rg6 67.a6 Rg3+ 68.Kf2 Ra3 69.Rh8 Kd5 70.Rxh5 Ke4 71.Rh6 Ra2+
72.Kg3 Ra3+ 73.Kg2 f4 74.h5 Ra2+ 75.Kh3 Ra3+ 76.Kg2 Ra2+ 77.Kh3 Kf3 78.Re6 e4
79.h6 Ra1 80.Kh4 e3 81.Kg5  1/2-1/2

[Event "Centenary GM"]
[Site "Dun Laoghaire IRL"]
[Date "2010.08.21"]
[Round "1"]
[White "Astaneh Lopez,A"]
[Black "Manca,F"]
[Result "0-1"]
[WhiteElo "2367"]
[BlackElo "2356"]

1.e4 c5 2.Nf3 Nc6 3.Nc3 g6 4.d4 cxd4 5.Nxd4 Bg7 6.Be3 Nf6 7.f3 O-O 8.Nb3 a6
9.Qd2 b5 10.O-O-O d6 11.h4 h5 12.Bh6 Be6 13.Kb1 Rc8 14.Bxg7 Kxg7 15.Nd4 Nxd4
16.Qxd4 Qa5 17.Nd5 Bxd5 18.exd5 Qc7 19.c3 Qc5 20.Be2 Rc7 21.g4 Qxd4 22.Rxd4 hxg4
23.fxg4 Rc5 24.Rhd1 Rh8 25.h5 gxh5 26.gxh5 Kh6 27.c4 b4 28.Rg1 a5 29.Kc2 a4
30.Rg3 Rc7 31.Rf4 Rhc8 32.Kd2 Rb8 33.Bd3 a3 34.b3 Rcc8 35.Re3 Rc7 36.Rxe7 Rxe7
37.Rxf6+ Kxh5 38.Rxd6 Kg5 39.c5 Rh8 40.Ba6 Rh2+ 41.Kd3 Rxa2 42.c6 Ree2  0-1

[Event "9th Open"]
[Site "Istanbul TUR"]
[Date "2010.08.22"]
[Round "3"]
[White "Odeev,H"]
[Black "Seyhanoglu,D"]
[Result "1-0"]
[WhiteElo "2410"]
[BlackElo "2050"]

1.e4 c5 2.Nf3 Nc6 3.Nc3 e5 4.g3 d6 5.Bg2 g6 6.d3 Bg7 7.a3 Nge7 8.O-O O-O
9.Nh4 Rb8 10.f4 exf4 11.Bxf4 h6 12.Be3 b5 13.Qd2 Kh7 14.Rf2 a5 15.Raf1 b4
16.axb4 axb4 17.Ne2 Be6 18.Nf4 Bd7 19.h3 Ne5 20.Nf3 Nxf3+ 21.Rxf3 Ra8 22.Ne2 f5
23.exf5 Nxf5 24.g4 Nxe3 25.Rxf8 Bxf8 26.Qxe3 Ra2 27.Qf4 Bg7 28.Qxd6 Qe8 29.Be4 Be5
30.Bxg6+ Qxg6 31.Qxd7+ Bg7 32.Nf4 Qg5 33.Ne6 Qe3+ 34.Kg2 Qe5 35.Nf8+ Kg8
36.Qf7+  1-0

[Event "9th Open"]
[Site "Istanbul TUR"]
[Date "2010.08.22"]
[Round "3"]
[White "Romi,I"]
[Black "Atakisi,U"]
[Result "0-1"]
[WhiteElo "2119"]
[BlackElo "2384"]

1.e4 c5 2.Nf3 Nc6 3.Nc3 Nf6 4.d4 cxd4 5.Nxd4 e5 6.Ndb5 d6 7.Bg5 a6 8.Na3 b5
9.Bxf6 gxf6 10.Nd5 Bg7 11.c3 f5 12.exf5 Bxf5 13.Nc2 Be6 14.a4 O-O 15.axb5 axb5
16.Rxa8 Qxa8 17.Bxb5 Nd4 18.Ne7+ Kh8 19.cxd4 Qa5+ 20.b4 Qxb5 21.d5 e4 22.Qd2 Bd7
23.Nc6 Bxc6 24.dxc6 Ra8 25.h4 Qc4 26.Rh3 Qxc6 27.h5 Ra2 28.Kd1 Rb2 29.f4 Qc4  0-1

[Event "6th Prospero A Pichay Cup"]
[Site "Manila PHI"]
[Date "2010.08.22"]
[Round "2"]
[White "Segarra,R"]
[Black "Cheah,C"]
[Result "1-0"]
[WhiteElo "2308"]
[BlackElo "2003"]

1.e4 c5 2.Nf3 Nc6 3.Nc3 e6 4.Bb5 Nd4 5.Bd3 Ne7 6.Nxd4 cxd4 7.Ne2 Nc6 8.O-O Be7
9.c3 Qb6 10.Bc2 d6 11.Kh1 Bd7 12.f4 e5 13.f5 O-O-O 14.b4 Bg5 15.a4 dxc3 16.dxc3 Bxc1
17.Qxc1 f6 18.a5 Qc7 19.Qe3 Kb8 20.Bb3 Ne7 21.c4 Rc8 22.Nc3 Rhf8 23.Rfd1 g6
24.fxg6 hxg6 25.Qd2 Rcd8 26.Qxd6 Qxd6 27.Rxd6 Bg4 28.Rxd8+ Rxd8 29.Nd5 Nxd5
30.exd5 Bd7 31.Re1 Re8 32.c5 e4 33.a6 Bb5 34.axb7 Kxb7 35.d6 e3 36.Bd5+ Bc6
37.d7 Rd8 38.Bxc6+ Kxc6 39.Rxe3 Rxd7 40.h3 Kb5 41.Re4 f5 42.Rf4 Rd5 43.g4 fxg4
44.hxg4 a5 45.bxa5 Rxc5 46.Kg2 Kxa5 47.Rf6 Kb5 48.Rxg6 Rc3 49.Rf6 Kc5 50.Rf3 Rc4
51.Kg3 Kd6 52.Kh4 Ke7 53.Kh5 Rc8 54.Kh6  1-0

[Event "Sants Open A"]
[Site "La Bordeta ESP"]
[Date "2010.08.23"]
[Round "4"]
[White "Fier,A"]
[Black "Oms Fuentes,L"]
[Result "0-1"]
[WhiteElo "2570"]
[BlackElo "2360"]

1.e4 c5 2.Nc3 Nc6 3.Nge2 Nf6 4.g3 d5 5.exd5 Nxd5 6.Bg2 Nc7 7.O-O g6 8.Na4 Ne6
9.b4 Bg7 10.b5 Ncd4 11.Nxd4 Qxd4 12.c3 Qd3 13.Qb3 Bd7 14.Rb1 Rb8 15.Re1 O-O
16.Be4 Qd6 17.Nb2 Ng5 18.Bg2 Nh3+ 19.Kf1 Qf6 20.f3 Bf5 21.Ra1 Rbd8 22.Qc4 b6
23.a4 Rd7 24.a5 Rfd8 25.axb6 axb6 26.Ra4 Bh6 27.g4 Qh4 28.Re2 Be6 29.Qe4 Bxd2
30.Bxd2 Rxd2 31.Ra8 Rd6 32.c4 Rxa8 33.Qxa8+ Kg7 34.Qe4 Qh6 35.Bxh3 Qxh3+
36.Kg1 Qh4 37.Qe5+ Qf6 38.g5 Qxe5 39.Rxe5 f6 40.gxf6+ Kxf6 41.Re2 Rd4 42.Rc2 Bf7
43.Kf2 e5 44.Ke3 Kf5 45.Rc1 h5 46.Rc3 g5 47.Rc1 Be6 48.Rc2 h4 49.Rc1 e4 50.fxe4+ Rxe4+
51.Kf2 g4 52.Rc3 Bf7 53.Rc1 Rf4+ 54.Kg1 Ke4 55.Rd1 Ke3 56.Na4 Rf6 57.Rc1 Kd2
58.Rc3 Bg6 59.Ra3 Bd3 60.Nb2 Be2 61.Ra2 h3 62.Ra1 Kc3 63.Na4+ Kb3 64.Kh1 Bxc4
65.Kg1 Bxb5  0-1

[Event "6th Geller Memorial Open A"]
[Site "Odessa UKR"]
[Date "2010.08.23"]
[Round "3"]
[White "Olshevskiy,M"]
[Black "Strygin,A"]
[Result "1-0"]
[WhiteElo "2021"]
[BlackElo "2179"]

1.e4 c5 2.Nc3 Nc6 3.Bb5 g6 4.Bxc6 dxc6 5.f4 Bg7 6.Nf3 Nf6 7.O-O O-O 8.d3 b5
9.Qe2 Qa5 10.Ne5 Bb7 11.Be3 c4 12.a3 cxd3 13.cxd3 Qc7 14.Rac1 a6 15.b4 Nd7
16.Nd5 Qd6 17.Nxd7 cxd5 18.Nxf8 dxe4 19.dxe4 Rxf8 20.e5 Qe6 21.Rc7 Bd5 22.Rd1 g5
23.Bc5 Re8 24.Qd2 Bc6 25.f5 Qh6 26.f6  1-0